000 00431pab a2200169 454500
008 180718b2012 xxu||||| |||| 00| 0 eng d
100 _aNutan Kumar
245 _aLimitations of educational technology in India
260 _c2012
300 _ap.105-110.
362 _aJul-Dec
650 _aEducational technology - India
650 _aEducational technology
773 _aReview of Politics
908 _aN
909 _a99027
999 _c99026
_d99026